Načítá se...

Vaidikdevatatatwavimarsh/

Podrobná bibliografie
Hlavní autor: Ramanuj Upadhyay
Médium: Printed Book
Vydáno: Varanasi: Sahityakar Sahayogi, 1999.
Témata:
LEADER 00473nam a22001331a 4500
999 |c 48763  |d 48763 
082 |a S 294.592 1  |b RAM/V 
100 |a Ramanuj Upadhyay 
245 |a Vaidikdevatatatwavimarsh/  |c by Ramanuj Upadhyay 
260 |a Varanasi:  |b Sahityakar Sahayogi,  |c 1999. 
300 |a 140p. 
650 |a Vedic Literature 
942 |c BK 
952 |0 0  |1 0  |4 0  |6 S_294_592000000000000_1_RAM_V  |7 0  |9 70592  |a SSUS  |b SSUS  |d 2015-01-08  |g 100.00  |o S 294.592 1 RAM/V  |p 049082  |r 2015-01-08  |v 0.00  |w 2015-01-08  |y BK